000 01390nam a2200241Ii 4500
003 JO-AjNU
005 20240624104519.0
008 230605s9999||||xx |||||||||||||| ||und||
040 _aJO-AjNU
_bara
_erda
_cJO-AjNU
041 _aara
050 1 4 _aBF321.2022
100 1 _aالهزايمة، مؤيد فيصل محمود
_eمعد
_965524
245 0 0 _aفاعلية برنامج تدريبي قائم على الانشطة الرياضية للحد من الشاط الزائد وتشتت الانتباه لدى الطلبة ذوي صعوبات التعلم = The Effectiveness of a Training Program Based on Sports Activities to Reduce Hyperactivity Disorder and Attention Deficit for Students With L /
_cاعداد مؤيد فيصل محمود الهزايمة؛ اشراف محمد احمد شحاده العمري
264 3 1 _a 2022
300 _a115ص ورقة
336 _atext
_btxt
_2rdacontent
337 _aunmediated
_bn
_2rdamedia
338 _avolume
_bnc
_2rdacarrier
500 _aرسالة جامعية(اطروحة ماجستير) تخصص صعوبات التعلم/كلية العلوم التربوية، جامعة عجلون الوطنية، 2022
650 4 _aالاطفال ذوي النشاط الزائد-الانتباه-علم النفس التربوي
_963266
700 1 _aالعمري، محمد احمد شحاده
_eمشرف
_965526
942 _2lcc
_cTHS
999 _c32255
_d32255